| 000 | 01040nam a22003017a 4500 | ||
|---|---|---|---|
| 003 | OSt | ||
| 005 | 20230309111154.0 | ||
| 008 | 221006b |||||||| |||| 00| 0 eng d | ||
| 040 | _cBiblioteca Lado V | ||
| 082 |
_a701.1 _bB167a |
||
| 100 |
_9783 _aBaker, Elizabeth C. _eeditora |
||
| 245 |
_aArt in America/ _bMidwest Art: A Special Report/ |
||
| 260 |
_bWhitney Communications Corporation Magazine Division _c1979 _aNew York |
||
| 300 |
_c22x29cm _a144p. |
||
| 366 | _eeng | ||
| 490 |
_aJulio-Agosto _v1979 |
||
| 505 | _tFeature Articles | ||
| 505 | _tIssues & Commentary | ||
| 505 | _tDepartments | ||
| 505 | _tReview of Exhibitions | ||
| 650 |
_2Tesauro de Arte & Arquitectura _aARTE _9703 |
||
| 650 |
_2Tesauro de Arte & Arquitectura _aCRITICA |
||
| 650 |
_2Tesauro de Arte & Arquitectura _aAPRECIACION |
||
| 650 |
_2Tesauro de Arte & Arquitectura _aCOLECCIONISMO |
||
| 650 |
_2Tesauro de Arte & Arquitectura _aARTE - USA |
||
| 700 |
_aShanley, Paul _epublicista |
||
| 942 |
_2ddc _c1 _h701.1 _iB167a _n0 |
||
| 999 |
_c3165 _d3165 |
||